00274nam a22001097a 4500020001800000082001600018100001600034245005800050260003700108300001100145563000800156 a9781352010718 a345.41bJAM aJames, Mark aCore Statutes on Criminal Law 2020-2021 /cMark James aLondon:bRed Globe Press,c2020. a218 p. aPB.